000 00455nam a22001697a 4500
005 20260327144829.0
008 260327b |||||||| |||| 00| 0 eng d
020 _a97881-203-0668-4
050 _aQR 51.R36 2023
100 _aRANGASWAMI G.
245 _aAGRICULTURAL MICROBIOLOGY
260 _aDELHI
_bPHI LEARNING PRIVATE LIMITED
_c2023
300 _aX,422
500 _aINCLUDES AN INDEX
650 _aAgricultural microbiology
942 _2lcc
_cBK
999 _c216885
_d216885